000 00695cam a2200205 4500500
005 20260329005755.0
041 _afre
042 _adc
100 1 0 _aDegiovanni, Clara
_eauthor
245 0 0 _a“Voulons-nous encore vivre ensemble ?”, de Pierre-Henri Tavoillot : la convivialité est une responsabilité
260 _c2024.
500 _a79
690 _aConvivialité
690 _aIdentité
690 _aPierre-Henri Tavoillot
690 _aResponsabilité
690 _awoke
786 0 _nPhilosophie magazine | 185 | 12 | 2024-12-01 | p. 52-52 | 1951-1787
856 4 1 _uhttps://shs.cairn.info/magazine-philosophie-magazine-2024-12-page-52?lang=fr&redirect-ssocas=7080
999 _c1846486
_d1846486